000 00276nam a2200109 a 4500
005 20140414132056.0
008 100520s19uu xx 00 eng d
050 _aREF 560
_bD53 1995
245 _aDictionary of prehistoric life.
650 _aPrehistoric life
999 _c114329
_d114329